Sistem perindustrian Jepun

Bibliographic Details
Main Author: Mcmillan, Charles J
Other Authors: Nazlifa Md. Ali
Format: Book
Published: Kuala Lumpur : DBP , 1994
Subjects:

MARC

LEADER 00000cam a2200000 7i4500
001 0000003417
002 000003685
005 20000330.0
020 |a 9836241388 
090 0 0 |a 658.00952   |b MCM 
100 1 |a Mcmillan, Charles J 
245 1 0 |a Sistem perindustrian Jepun   |c Charles J. Mcmillan penterjemah Nazlifa Md. Ali 
260 |a Kuala Lumpur :   |b DBP ,   |c 1994 
300 |a 450 p. ;   |c 21 cm. 
650 0 0 |a Industrial management   |z Japan 
700 0 |a Nazlifa Md. Ali 
999 |a 036884   |b BUKU   |c PINJAMAN   |e PERPUSTAKAAN KOMUNITI PETALING JAYA